000 01816cam a22002054a 4500
005 20250605163925.0
008 250528s ||||||||||||||||||||||||d
035 _a14516
020 _a9609020313
040 _aGR-AtMCL
_bgre
_dGR-AtMCL
_eAACR2
245 1 _aΨυχολογία / Συγχρονή Πειραματικη
250 _a
260 _bΑθήνα,
_c2003
300 _a528
520 _aΓενική: Γνωστική-Κινήτρων, Εξελικτική, Προσωπικότητας - Ατομικών Διαφορών, Κοινωνική-Ανθρώπινων Σχέσεων. Εισαγωγή, Συνολική Θεώρηση της Συμπεριφοράς, Το Άτομο στην Εξέλιξη του (Εξελικτική Ψυχολογία), Το Άτομο ως Προσωπικότητα (Ψυχολογία Προσωπικότητας - Ατομικών Διαφορών), Το Άτομο στην Κοινωνία (Κοινωνική Ψυχολογία - Ανθρώπινες Σχέσεις), Αναλυτική Θεώρηση της Συμπεριφοράς (Γενική Πειραματική Ψυχολογία: Αντικείμενο - Διακρίσεις - Ενότητα), Οι Γνωστικές Λειτουργίες (Γνωστική Ψυχολογία), Η Αντίληψη, Η Μάθηση, Η Μνήμη, Η Νόηση, Τα Κίνητρα της Συμπεριφοράς και τα Συναισθήματα (Ψυχολογία των Κινήτρων), Το Πρόβλημα της Προσαρμογής, Νευροψυχολογικές και Βιολογικές Βάσεις, Το Σύστημα των Ορμονών, Βιβλιογραφία.
700 1 _aΠαπαδόπουλος Νίκος Γ
_9203
942 _cBK
999 _c145
_d145